000 02144cam a22005054i 4500
003 PE-LiUPU
005 20250731173317.0
008 150625s2004 txu rb 000 0 spa d
035 _a(Sirsi) a37658
040 _aPE-LiUPU
_bspa
_cPE-LiUPU
_erda
049 _aPRUA
082 0 4 _a253.522
_bH941
_221
100 1 _aHunt, June,
_eautor.
245 1 0 _aVictoria sobre las emociones.
_n1 /
_cJune Hunt.
264 1 _aDallas, TX. :
_bEsperanza para el corazón,
_c2004.
300 _a254 páginas ;
_c21 centímetros.
336 _atext
_2rdacontent
337 _aunmediated
_2rdamedia
338 _avolume
_2rdacarrier
490 0 _aClaves bíblicas para la consejería
504 _aIncluye bibliografía.
505 0 _aLa ira. -Anorexia y bulimia. -La depresión. -La envidia y los celos. -El temor y las fobias. -La culpa. -La soledad. -Exceso en el comer. -El suicidio. -La preocupación.
526 _aSEG42
526 _aSEG41
526 _aSEG40
526 _aSEG39
526 _aP94
526 _aP87
526 _aP86
526 _aP85
526 _aP77
526 _aP76
526 _aP35
541 _g001-000224;
541 _g001-0000164;
650 0 4 _aEmociones
_xConsejos pastorales.
650 0 4 _aVida cristiana
_xConsejos pastorales.
910 _bjv
_clch
_d20070803
942 _2ddc
_cBOOK
949 _a253.522 H94 1
_wDEWEY
_c1
_i57364
_lCCODEBUL1
_mBUL
_p5.00
_r0
_sY
_tBOOK
_u2015-06-25
_xTEOLOGIA
_zUNKNOWN
_0COMPRA
_o.STAFF. Colección General
949 _a253.522 H94 1
_wDEWEY
_c2
_i56703
_lCCODEBUL1
_mBUL
_p7.00
_r0
_sY
_tBOOK
_u2015-06-25
_xTEOLOGIA
_zUNKNOWN
_0COMPRA
_o.STAFF. Colección General
596 _a1
999 _a253.522 H94 1
_wDEWEY
_c45855
_i57364
_d45855
_e2017-9-24
_f2021-11-12
_g5
_lCCODEBUL1
_mBUL
_n5
_p5.00
_q7
_r0
_sY
_tBOOK
_u2015-6-25
_xTEOLOGIA
_PP35
_0COMPRA
_o.STAFF. Colección Teología
999 _a253.522 H94 1
_wDEWEY
_c2
_i56703
_d2019-6-25
_f2021-11-12
_g5
_lCCODEBUL1
_mBUL
_p7.00
_q2
_r0
_sY
_tBOOK
_u2015-6-25
_xTEOLOGIA
_zUNKNOWN
_0COMPRA
_o.STAFF. Colección General
980 _81
_gALBERTO SANCHEZ Responsable de Automatización